Vplyv zmien úrokových sadzieb na súčasné akciové trhy

Analýza zmien úrokových sadzieb a ich dopadu na akciové indexy na najvyspelejších trhoch. Perspektívy možného vývoja v budúcnosti. Situácia v Spojených štátoch, Japonsku a v Európe. Súčasnosť a perspektívy vývoja.

Gespeichert in:
Bibliographische Detailangaben
1. Verfasser: Chovancová, Božena
Weitere Verfasser: Kabilova, Nilufar
Format: Buchkapitel
Sprache:Slowakisch
Schlagworte:
Tags: Tag hinzufügen
Keine Tags, Fügen Sie das erste Tag hinzu!

MARC

LEADER 00000naa$a2200000$$$4500
001 0091711
005 20240502072026.1
041 0 |a slo 
044 |a SK 
245 1 0 |a Vplyv zmien úrokových sadzieb na súčasné akciové trhy  |c Božena Chovancová, Nilufar Kabilova 
520 |a Analýza zmien úrokových sadzieb a ich dopadu na akciové indexy na najvyspelejších trhoch. Perspektívy možného vývoja v budúcnosti. Situácia v Spojených štátoch, Japonsku a v Európe. Súčasnosť a perspektívy vývoja. 
610 2 0 |a kríza finančná 
610 2 0 |a sadzby úrokové 
610 2 0 |a trh finančný 
610 2 0 |a USA 
610 2 0 |a trh burzový 
610 2 0 |a Japonsko 
610 2 0 |a Európa 
100 1 |a Chovancová, Božena 
700 1 |a Kabilova, Nilufar